000 00466nam a22001697a 4500
003 UA-OsUOA
001 9573
007 ta
008 20041118b un ||||| |||| 00| 0 ukr d
942 _cSA
040 _aUA-OsUOA
_cUA-OsUOA
_dUA-OsUOA
245 _aКитай у пошуках нафти
300 _aС.14
955 _a0
773 0 _w0
_tУрядовий кур'єр
_dКиїв
_d2004
_gN219
650 7 _aЕкономіка зарубіжних країн
_2UDC
999 _c295734
_d295734